Britská regulácia zruší systém provízií reforma retail distribution review už od budúceho roka
Historický vývoj distribúcie retailových investičných produktov a moderná regulácia finančného trhu v Británii. Hlavné črty a dopady britskej reformy Retail Distribution Review. Okruhy opatrení a depolarizácia. Zrozumiteľnosť poradenských služieb po novom.
Enregistré dans:
| Auteur principal: | |
|---|---|
| Format: | Chapitre de livre |
| Langue: | slovaque |
| Sujets: | |
| Tags: |
Pas de tags, Soyez le premier à ajouter un tag!
|
MARC
| LEADER | 00000naa a2200000 4500 | ||
|---|---|---|---|
| 001 | 0152056 | ||
| 005 | 20221104125133.9 | ||
| 041 | 0 | |a slo | |
| 044 | |a SK | ||
| 245 | 1 | 0 | |a Britská regulácia zruší systém provízií |b reforma retail distribution review už od budúceho roka |c Karel Veselý |
| 520 | |a Historický vývoj distribúcie retailových investičných produktov a moderná regulácia finančného trhu v Británii. Hlavné črty a dopady britskej reformy Retail Distribution Review. Okruhy opatrení a depolarizácia. Zrozumiteľnosť poradenských služieb po novom. | ||
| 610 | 2 | 0 | |a Veľká Británia |
| 610 | 2 | 0 | |a trh poistný |
| 610 | 2 | 0 | |a poisťovníctvo |
| 610 | 2 | 0 | |a poisťovne |
| 610 | 2 | 0 | |a zmluvy poistné |
| 610 | 2 | 0 | |a sprostredkovatelia |
| 610 | 2 | 0 | |a poradcovia finanční |
| 610 | 2 | 0 | |a služby poradenské |
| 610 | 2 | 0 | |a provízie |
| 610 | 2 | 0 | |a klasifikácia |
| 610 | 2 | 0 | |a reformy |
| 100 | 1 | |a Veselý, Karel | |